000 00913cab a2200253 4500
001 X2596
008 090401t1995 xxu||||| |||| 00| 0 eng d
035 _a(Sirsi) u25217
041 _aeng
245 _aWestminster CC v The Garrick Club
260 _c1995
350 _a0
490 _aPlanning Appeal Decisions
_v(1995) 10 PAD 643-644(2)
520 _a11 May 1995. Listed building consent - replacement of existing lead guttering with `Sarnafil` - no effect on Conservation Area - purely fictional - not visible to any material extent. TAKEN FROM CASE HEADING.
650 _aCONSERVATION AREA
650 _aGUTTERING
650 _aPLANNING (LISTED BUILDING AND CONSERVATION AREAS) ACT 1990
650 _aPPG15
650 _aTOWN AND COUNTRY PLANNING ACT 1990
650 _aWESTMINSTER CC V THE GARRICK CLUB
690 _aPLANNING LAW AND PRACTICE-CASE LAW
942 _n0
948 _c04/03/1997
999 _c16924
_d16924